[Event "45th FIDE Chess Olympiad Open"]
[Site "Budapest, Hungary"]
[Date "2024.09.21"]
[Round "10"]
[White "Gurner, Jem"]
[Black "Eltigani, Omar"]
[Result "0-1"]
[Board "229"]
[WhiteFideId "67600280"]
[BlackFideId "738794"]
[WhiteTitle "CM"]
[BlackTitle "IM"]
[WhiteElo "2091"]
[BlackElo "2241"]
[WhiteTeam "Jersey"]
[BlackTeam "Sudan"]
[WhiteClock "0:06:12"]
[BlackClock "0:14:35"]
[Variant "Standard"]

1. d4 {[%clk 1:30:59]}  d5 {[%clk 1:30:44]} 2. c4 {[%clk 1:31:25]}  c6 {[%clk 1:31:05]} 3. Nc3 {[%clk 1:31:50]}  Nf6 {[%clk 1:31:13]} 4. Nf3 {[%clk 1:32:14]}  e6 {[%clk 1:31:33]} 5. Bg5 {[%clk 1:32:38]}  h6 {[%clk 1:31:34]} 6. Bxf6 {[%clk 1:32:57]}  Qxf6 {[%clk 1:32:00]} 7. e3 {[%clk 1:33:04]}  Nd7 {[%clk 1:32:20]} 8. Be2 {[%clk 1:33:10]}  g6 {[%clk 1:32:25]} 9. O-O {[%clk 1:33:28]}  Bg7 {[%clk 1:32:24]} 10. Qc2 {[%clk 1:32:41]}  O-O {[%clk 1:31:59]} 11. e4 {[%clk 1:30:38]}  dxc4 {[%clk 1:26:17]} 12. e5 {[%clk 1:25:09]}  Qe7 {[%clk 1:26:28]} 13. Bxc4 {[%clk 1:15:57]}  b5 {[%clk 0:57:36]} 14. Bd3 {[%clk 1:13:37]}  Bb7 {[%clk 0:47:01]} 15. Ne4 {[%clk 1:00:26]}  c5 {[%clk 0:44:30]} 16. dxc5 {[%clk 0:36:19]}  Rac8 {[%clk 0:29:39]} 17. b4 {[%clk 0:34:00]}  Nxe5 {[%clk 0:28:58]} 18. Nxe5 {[%clk 0:34:03]}  Bxe5 {[%clk 0:29:24]} 19. Rad1 {[%clk 0:32:56]}  Qh4 {[%clk 0:24:39]} 20. g3 {[%clk 0:30:43]}  Qh3 {[%clk 0:22:58]} 21. Rfe1 {[%clk 0:28:47]}  Bc6 {[%clk 0:11:46]} 22. Bf1 {[%clk 0:27:02]}  Qg4 {[%clk 0:10:05]} 23. f4 {[%clk 0:22:54]}  Bg7 {[%clk 0:09:09]} 24. Nd6 {[%clk 0:21:53]}  Rc7 {[%clk 0:09:12]} 25. Bxb5 {[%clk 0:19:52]}  Ba8 {[%clk 0:05:10]} 26. Be2 {[%clk 0:17:37]}  Qh3 {[%clk 0:05:36]} 27. Bf1 {[%clk 0:17:53]}  Qh5 {[%clk 0:05:54]} 28. Bg2 {[%clk 0:17:10]}  Bxg2 {[%clk 0:05:04]} 29. Kxg2 {[%clk 0:16:53]}  Rb8 {[%clk 0:05:22]} 30. a3 {[%clk 0:15:43]}  a5 {[%clk 0:05:49]} 31. Qc4 {[%clk 0:14:42]}  Bf8 {[%clk 0:03:35]} 32. Ne4 {[%clk 0:13:17]}  Qf5 {[%clk 0:03:27]} 33. Qd4 {[%clk 0:12:36]}  Bg7 {[%clk 0:03:43]} 34. Qd6 {[%clk 0:12:52]}  Rcc8 {[%clk 0:03:59]} 35. Qd7 {[%clk 0:10:21]}  Kh7 {[%clk 0:02:16]} 36. c6 {[%clk 0:09:42]}  axb4 {[%clk 0:02:27]} 37. c7 {[%clk 0:08:22]}  Ra8 {[%clk 0:02:52]} 38. axb4 {[%clk 0:07:17]}  Ra2+ {[%clk 0:02:36]} 39. Nf2 {[%clk 0:06:11]}  Qc2 {[%clk 0:02:51]} 40. Rf1 {[%clk 0:01:09]}  Rxc7 {[%clk 0:03:17]} 41. Qd8 {[%clk 0:22:28]}  Qe4+ {[%clk 0:28:36]} 42. Kg1 {[%clk 0:22:18]}  Rcc2 {[%clk 0:28:19]} 43. Rd2 {[%clk 0:13:53]}  Qxb4 {[%clk 0:24:15]} 44. Rxc2 {[%clk 0:13:42]}  Rxc2 {[%clk 0:24:40]} 45. Qd7 {[%clk 0:12:59]}  Kg8 {[%clk 0:21:46]} 46. Rd1 {[%clk 0:08:42]}  Qc5 {[%clk 0:19:18]} 47. Qd8+ {[%clk 0:08:03]}  Kh7 {[%clk 0:17:23]} 48. Rd2 {[%clk 0:08:15]}  Rc1+ {[%clk 0:16:53]} 49. Kg2 {[%clk 0:08:28]}  Qc6+ {[%clk 0:16:03]} 50. Kh3 {[%clk 0:08:34]}  Rc5 {[%clk 0:16:12]} 51. Kg4 {[%clk 0:07:33]}  Rh5 {[%clk 0:14:03]} 52. h4 {[%clk 0:07:50]}  Qg2 {[%clk 0:13:46]} 53. f5 {[%clk 0:06:28]}  Rxf5 {[%clk 0:14:10]} 54. h5 {[%clk 0:06:12]}  Qf3+ {[%clk 0:14:35]} 0-1

[Event "45th FIDE Chess Olympiad Open"]
[Site "Budapest, Hungary"]
[Date "2024.09.21"]
[Round "10"]
[White "Ahmed Hassan"]
[Black "Carpenter, Paul A"]
[Result "1-0"]
[Board "230"]
[WhiteFideId "12200590"]
[BlackFideId "408930"]
[WhiteTitle "FM"]
[WhiteElo "2234"]
[BlackElo "1985"]
[WhiteTeam "Sudan"]
[BlackTeam "Jersey"]
[WhiteClock "0:01:07"]
[BlackClock "0:00:33"]
[Variant "Standard"]

1. e4 {[%clk 1:30:59]}  b6 {[%clk 1:30:41]} 2. d4 {[%clk 1:31:22]}  Bb7 {[%clk 1:30:28]} 3. Nc3 {[%clk 1:31:23]}  e6 {[%clk 1:29:39]} 4. Bd3 {[%clk 1:30:26]}  g6 {[%clk 1:26:26]} 5. h4 {[%clk 1:28:14]}  Bg7 {[%clk 1:19:48]} 6. Be3 {[%clk 1:26:22]}  f5 {[%clk 1:11:56]} 7. exf5 {[%clk 1:25:04]}  exf5 {[%clk 1:10:50]} 8. Nf3 {[%clk 1:21:00]}  Nf6 {[%clk 1:00:57]} 9. h5 {[%clk 1:15:19]}  O-O {[%clk 0:55:24]} 10. hxg6 {[%clk 1:14:22]}  hxg6 {[%clk 0:55:27]} 11. Ne5 {[%clk 1:05:43]}  Qe8 {[%clk 0:39:47]} 12. Bc4+ {[%clk 0:44:27]}  d5 {[%clk 0:38:54]} 13. Bb3 {[%clk 0:41:19]}  Nbd7 {[%clk 0:31:15]} 14. Qf3 {[%clk 0:31:37]}  Nxe5 {[%clk 0:26:23]} 15. dxe5 {[%clk 0:32:03]}  Qxe5 {[%clk 0:26:43]} 16. O-O-O {[%clk 0:32:23]}  c6 {[%clk 0:21:24]} 17. Bd4 {[%clk 0:32:07]}  Qc7 {[%clk 0:19:38]} 18. Bxf6 {[%clk 0:23:01]}  Bxf6 {[%clk 0:18:30]} 19. Rxd5 {[%clk 0:20:51]}  cxd5 {[%clk 0:16:35]} 20. Nxd5 {[%clk 0:20:14]}  Qe5 {[%clk 0:07:55]} 21. Nf4+ {[%clk 0:13:31]}  Rf7 {[%clk 0:03:23]} 22. Bxf7+ {[%clk 0:11:03]}  Kg7 {[%clk 0:02:43]} 23. Qxb7 {[%clk 0:02:47]}  Qxb2+ {[%clk 0:02:24]} 24. Kd1 {[%clk 0:01:36]}  Qa1+ {[%clk 0:01:29]} 25. Ke2 {[%clk 0:00:59]}  Qe5+ {[%clk 0:01:12]} 26. Kf3 {[%clk 0:01:03]}  Rb8 {[%clk 0:01:02]} 27. Rh7+ {[%clk 0:00:47]}  Kf8 {[%clk 0:00:33]} 28. Nxg6# {[%clk 0:01:07]} 1-0

[Event "45th FIDE Chess Olympiad Open"]
[Site "Budapest, Hungary"]
[Date "2024.09.21"]
[Round "10"]
[White "Belzo, Krzysztof"]
[Black "Hamid Ibrahim"]
[Result "1-0"]
[Board "231"]
[WhiteFideId "1126768"]
[BlackFideId "12200948"]
[WhiteTitle "CM"]
[BlackTitle "FM"]
[WhiteElo "2076"]
[BlackElo "2090"]
[WhiteTeam "Jersey"]
[BlackTeam "Sudan"]
[WhiteClock "0:19:03"]
[BlackClock "0:51:39"]
[Variant "Standard"]

1. d4 {[%clk 1:30:57]}  Nf6 {[%clk 1:30:38]} 2. Nf3 {[%clk 1:31:04]}  g6 {[%clk 1:31:01]} 3. c4 {[%clk 1:30:31]}  Bg7 {[%clk 1:31:22]} 4. Nc3 {[%clk 1:30:44]}  O-O {[%clk 1:31:45]} 5. Bf4 {[%clk 1:27:29]}  d6 {[%clk 1:32:06]} 6. Qd2 {[%clk 1:27:42]}  c6 {[%clk 1:31:38]} 7. Bh6 {[%clk 1:27:17]}  Nbd7 {[%clk 1:30:23]} 8. h4 {[%clk 1:19:36]}  e5 {[%clk 1:29:45]} 9. Bxg7 {[%clk 1:13:48]}  Kxg7 {[%clk 1:30:05]} 10. h5 {[%clk 1:13:12]}  Qe7 {[%clk 1:29:36]} 11. hxg6 {[%clk 1:12:25]}  fxg6 {[%clk 1:29:53]} 12. dxe5 {[%clk 0:52:52]}  dxe5 {[%clk 1:28:36]} 13. g3 {[%clk 0:39:51]}  Ng4 {[%clk 1:09:53]} 14. Ne4 {[%clk 0:31:07]}  Ndf6 {[%clk 1:07:49]} 15. Qd6 {[%clk 0:26:18]}  Qxd6 {[%clk 1:02:35]} 16. Nxd6 {[%clk 0:26:46]}  Rd8 {[%clk 1:02:42]} 17. Nxc8 {[%clk 0:24:55]}  Raxc8 {[%clk 1:03:04]} 18. Bh3 {[%clk 0:24:03]}  Rc7 {[%clk 1:03:23]} 19. Ng5 {[%clk 0:22:59]}  Re7 {[%clk 0:55:27]} 20. Bxg4 {[%clk 0:23:00]}  Nxg4 {[%clk 0:55:47]} 21. Rxh7+ {[%clk 0:23:08]}  Kf6 {[%clk 0:56:15]} 22. Ne4+ {[%clk 0:22:34]}  Ke6 {[%clk 0:56:32]} 23. Nc5+ {[%clk 0:22:05]}  Kf6 {[%clk 0:56:50]} 24. Rxe7 {[%clk 0:19:52]}  Kxe7 {[%clk 0:57:18]} 25. Nxb7 {[%clk 0:20:15]}  Rb8 {[%clk 0:56:39]} 26. Na5 {[%clk 0:20:40]}  Rxb2 {[%clk 0:54:48]} 27. Nxc6+ {[%clk 0:21:06]}  Ke6 {[%clk 0:55:02]} 28. Nxa7 {[%clk 0:21:25]}  Rc2 {[%clk 0:55:18]} 29. a4 {[%clk 0:20:54]}  Rxc4 {[%clk 0:52:45]} 30. a5 {[%clk 0:21:08]}  Kd7 {[%clk 0:53:11]} 31. a6 {[%clk 0:20:14]}  Kc7 {[%clk 0:53:31]} 32. Nc6 {[%clk 0:18:24]}  Rxc6 {[%clk 0:48:18]} 33. a7 {[%clk 0:18:48]}  Rc1+ {[%clk 0:48:40]} 34. Rxc1+ {[%clk 0:19:12]}  Kb7 {[%clk 0:49:05]} 35. Ra1 {[%clk 0:18:53]}  Ka8 {[%clk 0:49:29]} 36. f3 {[%clk 0:18:11]}  Ne3 {[%clk 0:49:53]} 37. Kd2 {[%clk 0:18:18]}  Nc4+ {[%clk 0:50:03]} 38. Kd3 {[%clk 0:18:42]}  Nd6 {[%clk 0:50:26]} 39. Ra6 {[%clk 0:18:32]}  Nb7 {[%clk 0:50:54]} 40. Rxg6 {[%clk 0:18:48]}  Kxa7 {[%clk 0:51:18]} 41. Rg7 {[%clk 0:19:14]}  Kb6 {[%clk 0:51:39]} 42. Rxb7+ {[%clk 0:19:03]} 1-0

[Event "45th FIDE Chess Olympiad Open"]
[Site "Budapest, Hungary"]
[Date "2024.09.21"]
[Round "10"]
[White "Eltag, Siddig"]
[Black "Mooney, Graham"]
[Result "1-0"]
[Board "232"]
[WhiteFideId "12200204"]
[BlackFideId "15600106"]
[WhiteTitle "CM"]
[BlackTitle "CM"]
[WhiteElo "2138"]
[BlackElo "1935"]
[WhiteTeam "Sudan"]
[BlackTeam "Jersey"]
[WhiteClock "1:06:33"]
[BlackClock "0:34:21"]
[Variant "Standard"]

1. c4 {[%clk 1:30:56]}  d5 {[%clk 1:29:28]} 2. cxd5 {[%clk 1:31:19]}  Nf6 {[%clk 1:29:50]} 3. e4 {[%clk 1:31:13]}  g6 {[%clk 1:29:43]} 4. Nf3 {[%clk 1:29:57]}  Bg7 {[%clk 1:29:56]} 5. Nc3 {[%clk 1:30:09]}  O-O {[%clk 1:30:19]} 6. Qb3 {[%clk 1:29:51]}  Nbd7 {[%clk 1:30:14]} 7. d4 {[%clk 1:29:41]}  Nb6 {[%clk 1:30:01]} 8. Be2 {[%clk 1:29:41]}  c6 {[%clk 1:19:33]} 9. dxc6 {[%clk 1:29:29]}  bxc6 {[%clk 1:20:01]} 10. O-O {[%clk 1:29:31]}  Bg4 {[%clk 1:15:22]} 11. Be3 {[%clk 1:29:33]}  Rb8 {[%clk 1:14:00]} 12. Qc2 {[%clk 1:28:21]}  Be6 {[%clk 1:04:35]} 13. b3 {[%clk 1:27:57]}  Nh5 {[%clk 1:01:32]} 14. Rfd1 {[%clk 1:27:10]}  Qc7 {[%clk 0:59:49]} 15. Ng5 {[%clk 1:25:57]}  Nf4 {[%clk 0:59:00]} 16. Bf1 {[%clk 1:23:18]}  Bg4 {[%clk 0:55:24]} 17. f3 {[%clk 1:23:26]}  Bc8 {[%clk 0:55:25]} 18. Nb5 {[%clk 1:23:36]}  Qb7 {[%clk 0:54:26]} 19. Bxf4 {[%clk 1:22:51]}  cxb5 {[%clk 0:54:51]} 20. Bxb8 {[%clk 1:15:38]}  Qxb8 {[%clk 0:55:15]} 21. Bxb5 {[%clk 1:13:02]}  Bxd4+ {[%clk 0:49:08]} 22. Rxd4 {[%clk 1:11:01]}  Qe5 {[%clk 0:49:32]} 23. Qd2 {[%clk 1:09:53]}  Qxb5 {[%clk 0:49:35]} 24. Rd8 {[%clk 1:08:58]}  h6 {[%clk 0:43:52]} 25. Rxf8+ {[%clk 1:08:38]}  Kxf8 {[%clk 0:44:18]} 26. Nh3 {[%clk 1:08:50]}  Kg7 {[%clk 0:42:58]} 27. Nf2 {[%clk 1:09:04]}  Be6 {[%clk 0:41:56]} 28. Rc1 {[%clk 1:08:48]}  Nd7 {[%clk 0:40:38]} 29. f4 {[%clk 1:07:56]}  Nf6 {[%clk 0:38:51]} 30. h3 {[%clk 1:07:02]}  Qb6 {[%clk 0:38:51]} 31. Qc3 {[%clk 1:06:25]}  Kh7 {[%clk 0:37:45]} 32. Qc5 {[%clk 1:06:34]}  Qb7 {[%clk 0:37:13]} 33. f5 {[%clk 1:06:42]}  Nxe4 {[%clk 0:34:14]} 34. Nxe4 {[%clk 1:06:36]}  Bxf5 {[%clk 0:34:21]} 35. Nf2 {[%clk 1:06:33]} 1-0

[Event "45th FIDE Chess Olympiad Open"]
[Site "Budapest, Hungary"]
[Date "2024.09.21"]
[Round "10"]
[White "Ahmad, Al Khatib"]
[Black "Liyanage, Ranindu Dilshan"]
[Result "0-1"]
[Board "233"]
[WhiteFideId "8103178"]
[BlackFideId "9915834"]
[WhiteTitle "GM"]
[BlackTitle "IM"]
[WhiteElo "2302"]
[BlackElo "2366"]
[WhiteTeam "Jordan"]
[BlackTeam "Sri Lanka"]
[WhiteClock "0:02:01"]
[BlackClock "0:08:28"]
[Variant "Standard"]

1. d4 {[%clk 1:27:54]}  Nf6 {[%clk 1:30:08]} 2. c4 {[%clk 1:27:51]}  e6 {[%clk 1:30:22]} 3. Nc3 {[%clk 1:28:13]}  d5 {[%clk 1:30:27]} 4. cxd5 {[%clk 1:28:05]}  exd5 {[%clk 1:30:49]} 5. Bg5 {[%clk 1:28:28]}  Be7 {[%clk 1:27:59]} 6. e3 {[%clk 1:28:37]}  h6 {[%clk 1:28:20]} 7. Bh4 {[%clk 1:28:48]}  Bg4 {[%clk 1:28:34]} 8. Qc2 {[%clk 1:27:17]}  O-O {[%clk 1:28:39]} 9. h3 {[%clk 1:26:15]}  Be6 {[%clk 1:29:00]} 10. Bd3 {[%clk 1:21:13]}  Nc6 {[%clk 1:26:46]} 11. a3 {[%clk 1:20:42]}  Ne8 {[%clk 1:26:43]} 12. Bg3 {[%clk 1:15:43]}  Bd6 {[%clk 1:26:55]} 13. f4 {[%clk 1:00:59]}  Ne7 {[%clk 1:03:16]} 14. Nf3 {[%clk 0:48:28]}  c5 {[%clk 0:48:55]} 15. Bf2 {[%clk 0:22:51]}  c4 {[%clk 0:45:42]} 16. Be2 {[%clk 0:22:52]}  Bf5 {[%clk 0:44:58]} 17. Qc1 {[%clk 0:20:11]}  Bh7 {[%clk 0:39:18]} 18. g4 {[%clk 0:18:11]}  Nf6 {[%clk 0:37:55]} 19. f5 {[%clk 0:16:11]}  Rc8 {[%clk 0:30:35]} 20. Kf1 {[%clk 0:12:03]}  Re8 {[%clk 0:28:42]} 21. Nd2 {[%clk 0:07:43]}  Qd7 {[%clk 0:25:49]} 22. Bf3 {[%clk 0:02:07]}  b5 {[%clk 0:22:19]} 23. Bh4 {[%clk 0:01:25]}  Ne4 {[%clk 0:20:47]} 24. Bxe4 {[%clk 0:01:31]}  dxe4 {[%clk 0:21:07]} 25. Kf2 {[%clk 0:00:32]}  a5 {[%clk 0:19:49]} 26. Bxe7 {[%clk 0:00:33]}  Bxe7 {[%clk 0:20:06]} 27. Ncxe4 {[%clk 0:00:36]}  Bh4+ {[%clk 0:20:08]} 28. Ke2 {[%clk 0:00:32]}  Qd5 {[%clk 0:13:28]} 29. Nf2 {[%clk 0:00:31]}  Qg2 {[%clk 0:10:05]} 30. Qf1 {[%clk 0:00:32]}  Rxe3+ {[%clk 0:06:18]} 31. Kxe3 {[%clk 0:00:52]}  Re8+ {[%clk 0:06:43]} 32. Nde4 {[%clk 0:00:51]}  Bg5+ {[%clk 0:06:44]} 33. Ke2 {[%clk 0:01:06]}  Rxe4+ {[%clk 0:07:08]} 34. Kd1 {[%clk 0:01:20]}  Qf3+ {[%clk 0:07:33]} 35. Kc2 {[%clk 0:01:44]}  Re2+ {[%clk 0:07:58]} 36. Kb1 {[%clk 0:01:58]}  Rxb2+ {[%clk 0:08:04]} 37. Kxb2 {[%clk 0:02:01]}  Qb3# {[%clk 0:08:28]} 0-1

[Event "45th FIDE Chess Olympiad Open"]
[Site "Budapest, Hungary"]
[Date "2024.09.21"]
[Round "10"]
[White "Amarathunga, Kosala Sandeepa Chamikara"]
[Black "Saif, Malek"]
[Result "1-0"]
[Board "234"]
[WhiteFideId "29970954"]
[BlackFideId "8104220"]
[BlackTitle "CM"]
[WhiteElo "1956"]
[BlackElo "2162"]
[WhiteTeam "Sri Lanka"]
[BlackTeam "Jordan"]
[WhiteClock "0:35:05"]
[BlackClock "0:13:48"]
[Variant "Standard"]

1. Nf3 {[%clk 1:30:10]}  Nf6 {[%clk 1:30:53]} 2. b3 {[%clk 1:29:15]}  g6 {[%clk 1:28:02]} 3. Bb2 {[%clk 1:27:32]}  Bg7 {[%clk 1:28:26]} 4. g3 {[%clk 1:27:13]}  d6 {[%clk 1:27:42]} 5. d4 {[%clk 1:27:37]}  c6 {[%clk 1:25:13]} 6. Bg2 {[%clk 1:25:58]}  Qc7 {[%clk 1:23:29]} 7. O-O {[%clk 1:25:42]}  O-O {[%clk 1:23:21]} 8. c4 {[%clk 1:20:48]}  Nbd7 {[%clk 1:22:07]} 9. Nc3 {[%clk 1:17:45]}  e5 {[%clk 1:21:01]} 10. Rc1 {[%clk 1:15:06]}  Re8 {[%clk 1:21:00]} 11. e4 {[%clk 1:02:06]}  exd4 {[%clk 1:17:24]} 12. Nxd4 {[%clk 0:59:24]}  Nc5 {[%clk 1:17:34]} 13. Re1 {[%clk 0:58:22]}  a5 {[%clk 1:18:00]} 14. h3 {[%clk 0:57:06]}  Bd7 {[%clk 1:15:55]} 15. Kh2 {[%clk 0:54:18]}  Re7 {[%clk 1:15:47]} 16. Rc2 {[%clk 0:54:23]}  Rae8 {[%clk 1:15:25]} 17. Rce2 {[%clk 0:54:37]}  Re5 {[%clk 0:56:01]} 18. Kg1 {[%clk 0:38:51]}  Qc8 {[%clk 0:46:44]} 19. f4 {[%clk 0:37:30]}  R5e7 {[%clk 0:32:25]} 20. Kh2 {[%clk 0:37:36]}  h5 {[%clk 0:31:08]} 21. Qd2 {[%clk 0:24:59]}  Bh6 {[%clk 0:25:36]} 22. Nf3 {[%clk 0:22:54]}  Bg7 {[%clk 0:22:28]} 23. Ng5 {[%clk 0:18:55]}  h4 {[%clk 0:19:03]} 24. g4 {[%clk 0:17:19]}  Ne6 {[%clk 0:16:46]} 25. Nf3 {[%clk 0:16:55]}  g5 {[%clk 0:13:24]} 26. fxg5 {[%clk 0:15:34]}  Nh7 {[%clk 0:13:40]} 27. Kh1 {[%clk 0:15:00]}  Be5 {[%clk 0:12:52]} 28. Nxe5 {[%clk 0:14:22]}  dxe5 {[%clk 0:13:20]} 29. Rf2 {[%clk 0:13:12]}  Nexg5 {[%clk 0:12:42]} 30. Ref1 {[%clk 0:11:15]}  Re6 {[%clk 0:09:36]} 31. Rd1 {[%clk 0:10:47]}  Rd8 {[%clk 0:03:47]} 32. Na4 {[%clk 0:11:08]}  Re7 {[%clk 0:00:55]} 33. Ba3 {[%clk 0:09:30]}  c5 {[%clk 0:01:01]} 34. Bxc5 {[%clk 0:09:20]}  Ree8 {[%clk 0:00:33]} 35. Bb6 {[%clk 0:09:39]}  Ne6 {[%clk 0:00:53]} 36. Bxd8 {[%clk 0:09:56]}  Bxa4 {[%clk 0:01:15]} 37. Bxh4 {[%clk 0:09:51]}  Bc6 {[%clk 0:01:31]} 38. Qh6 {[%clk 0:09:56]}  Nf4 {[%clk 0:01:31]} 39. Bg3 {[%clk 0:08:28]}  Nxg2 {[%clk 0:00:34]} 40. Kxg2 {[%clk 0:07:50]}  Bxe4+ {[%clk 0:01:03]} 41. Kh2 {[%clk 0:08:19]}  Bg6 {[%clk 0:29:39]} 42. Rfd2 {[%clk 0:36:32]}  Nf8 {[%clk 0:25:27]} 43. Bh4 {[%clk 0:34:31]}  Re6 {[%clk 0:23:48]} 44. Rd8 {[%clk 0:34:30]}  Qc5 {[%clk 0:24:13]} 45. Rxf8+ {[%clk 0:34:07]}  Qxf8 {[%clk 0:24:35]} 46. Rd8 {[%clk 0:34:34]}  Qxd8 {[%clk 0:12:16]} 47. Bxd8 {[%clk 0:35:02]}  b6 {[%clk 0:12:37]} 48. Qe3 {[%clk 0:34:27]}  e4 {[%clk 0:13:04]} 49. Bxb6 {[%clk 0:34:51]}  a4 {[%clk 0:13:26]} 50. Bd4 {[%clk 0:34:28]}  Rd6 {[%clk 0:13:43]} 51. c5 {[%clk 0:34:45]}  Rd5 {[%clk 0:13:48]} 52. c6 {[%clk 0:35:05]} 1-0

[Event "45th FIDE Chess Olympiad Open"]
[Site "Budapest, Hungary"]
[Date "2024.09.21"]
[Round "10"]
[White "Anas Khwaira"]
[Black "Kodithuwakku, K K Dinujaya"]
[Result "0-1"]
[Board "235"]
[WhiteFideId "8117683"]
[BlackFideId "9998845"]
[WhiteElo "1994"]
[BlackElo "1827"]
[WhiteTeam "Jordan"]
[BlackTeam "Sri Lanka"]
[WhiteClock "0:01:00"]
[BlackClock "0:02:48"]
[Variant "Standard"]

1. d4 {[%clk 1:30:57]}  Nf6 {[%clk 1:30:39]} 2. c4 {[%clk 1:31:18]}  e6 {[%clk 1:30:58]} 3. Nc3 {[%clk 1:31:42]}  d5 {[%clk 1:31:15]} 4. cxd5 {[%clk 1:32:00]}  exd5 {[%clk 1:31:37]} 5. Bg5 {[%clk 1:32:22]}  Bb4 {[%clk 1:30:46]} 6. e3 {[%clk 1:28:56]}  h6 {[%clk 1:30:35]} 7. Bf4 {[%clk 1:22:11]}  Bf5 {[%clk 1:30:04]} 8. Qa4+ {[%clk 1:16:12]}  Nc6 {[%clk 1:29:20]} 9. Bb5 {[%clk 1:15:38]}  Bxc3+ {[%clk 1:28:31]} 10. bxc3 {[%clk 1:15:59]}  Bd7 {[%clk 1:28:51]} 11. Qc2 {[%clk 1:11:02]}  O-O {[%clk 1:17:26]} 12. Be2 {[%clk 1:02:03]}  Ne4 {[%clk 1:09:49]} 13. h3 {[%clk 0:55:04]}  Rc8 {[%clk 0:54:23]} 14. Nf3 {[%clk 0:33:24]}  Na5 {[%clk 0:40:01]} 15. Nd2 {[%clk 0:30:35]}  Bf5 {[%clk 0:34:50]} 16. Bd3 {[%clk 0:27:40]}  Re8 {[%clk 0:34:00]} 17. Nxe4 {[%clk 0:16:19]}  Bxe4 {[%clk 0:25:36]} 18. Bxe4 {[%clk 0:15:54]}  Rxe4 {[%clk 0:25:57]} 19. O-O {[%clk 0:15:25]}  Nc4 {[%clk 0:25:51]} 20. Qd3 {[%clk 0:13:17]}  Qf6 {[%clk 0:23:37]} 21. Rfe1 {[%clk 0:12:36]}  Re7 {[%clk 0:22:10]} 22. Bg3 {[%clk 0:09:18]}  Rce8 {[%clk 0:22:23]} 23. Rab1 {[%clk 0:08:08]}  b6 {[%clk 0:20:14]} 24. Re2 {[%clk 0:08:11]}  g6 {[%clk 0:14:04]} 25. Rbe1 {[%clk 0:07:55]}  Qf5 {[%clk 0:14:20]} 26. Qd1 {[%clk 0:06:23]}  c6 {[%clk 0:09:20]} 27. Qa4 {[%clk 0:04:13]}  Qf6 {[%clk 0:07:47]} 28. Qb4 {[%clk 0:03:32]}  a5 {[%clk 0:07:09]} 29. Qb3 {[%clk 0:03:25]}  Qf5 {[%clk 0:05:36]} 30. Qa4 {[%clk 0:01:13]}  b5 {[%clk 0:05:40]} 31. Qb3 {[%clk 0:01:01]}  Qd3 {[%clk 0:04:54]} 32. a4 {[%clk 0:00:56]}  Rb7 {[%clk 0:02:40]} 33. axb5 {[%clk 0:00:33]}  Rxb5 {[%clk 0:02:10]} 34. Qc2 {[%clk 0:00:31]}  Qxc2 {[%clk 0:02:27]} 35. Rxc2 {[%clk 0:01:00]}  a4 {[%clk 0:02:48]} 0-1

[Event "45th FIDE Chess Olympiad Open"]
[Site "Budapest, Hungary"]
[Date "2024.09.21"]
[Round "10"]
[White "Bandara, Dhanushka"]
[Black "Rakan Dasa"]
[Result "1/2-1/2"]
[Board "236"]
[WhiteFideId "9908048"]
[BlackFideId "8114536"]
[WhiteElo "1903"]
[BlackElo "1976"]
[WhiteTeam "Sri Lanka"]
[BlackTeam "Jordan"]
[WhiteClock "0:10:11"]
[BlackClock "0:01:25"]
[Variant "Standard"]

1. e4 {[%clk 1:30:37]}  c6 {[%clk 1:30:07]} 2. d4 {[%clk 1:30:52]}  d5 {[%clk 1:30:28]} 3. e5 {[%clk 1:30:21]}  c5 {[%clk 1:30:53]} 4. dxc5 {[%clk 1:29:34]}  e6 {[%clk 1:31:17]} 5. a3 {[%clk 1:28:56]}  Bxc5 {[%clk 1:31:41]} 6. b4 {[%clk 1:27:25]}  Bb6 {[%clk 1:32:08]} 7. Nf3 {[%clk 1:25:28]}  Ne7 {[%clk 1:32:15]} 8. Bb2 {[%clk 1:25:26]}  a5 {[%clk 1:30:50]} 9. b5 {[%clk 1:25:02]}  Nd7 {[%clk 1:30:27]} 10. a4 {[%clk 1:23:50]}  Qc7 {[%clk 1:24:35]} 11. Bd3 {[%clk 1:23:11]}  Ng6 {[%clk 1:21:27]} 12. Bxg6 {[%clk 1:20:06]}  hxg6 {[%clk 1:21:43]} 13. O-O {[%clk 1:19:13]}  Bc5 {[%clk 0:50:21]} 14. Nbd2 {[%clk 1:16:05]}  b6 {[%clk 0:49:42]} 15. Nb3 {[%clk 1:10:29]}  Bb7 {[%clk 0:47:39]} 16. Rc1 {[%clk 1:03:02]}  Rd8 {[%clk 0:41:23]} 17. Bd4 {[%clk 1:01:25]}  Bxd4 {[%clk 0:35:22]} 18. Qxd4 {[%clk 1:01:37]}  Qc4 {[%clk 0:34:51]} 19. Rfd1 {[%clk 0:58:08]}  Rc8 {[%clk 0:31:27]} 20. Rd3 {[%clk 0:56:46]}  Rh5 {[%clk 0:28:29]} 21. Qa1 {[%clk 0:39:12]}  Qc7 {[%clk 0:19:29]} 22. g4 {[%clk 0:33:05]}  Rh8 {[%clk 0:15:47]} 23. Qd4 {[%clk 0:21:12]}  Qc4 {[%clk 0:14:41]} 24. Nbd2 {[%clk 0:19:04]}  Qxd4 {[%clk 0:13:43]} 25. Rxd4 {[%clk 0:19:24]}  Ke7 {[%clk 0:12:44]} 26. c3 {[%clk 0:09:22]}  Rc7 {[%clk 0:12:50]} 27. Nb1 {[%clk 0:07:12]}  Rhc8 {[%clk 0:12:10]} 28. Rcd1 {[%clk 0:07:05]}  Nc5 {[%clk 0:12:18]} 29. Nfd2 {[%clk 0:07:15]}  Nd7 {[%clk 0:08:44]} 30. f4 {[%clk 0:07:02]}  g5 {[%clk 0:08:31]} 31. Nf3 {[%clk 0:07:04]}  gxf4 {[%clk 0:08:31]} 32. Rxf4 {[%clk 0:07:26]}  Rc4 {[%clk 0:08:54]} 33. Rdd4 {[%clk 0:07:13]}  Rxd4 {[%clk 0:07:45]} 34. Rxd4 {[%clk 0:07:00]}  f6 {[%clk 0:06:21]} 35. exf6+ {[%clk 0:06:16]}  gxf6 {[%clk 0:06:34]} 36. g5 {[%clk 0:04:48]}  fxg5 {[%clk 0:06:38]} 37. Nxg5 {[%clk 0:05:06]}  Ne5 {[%clk 0:05:44]} 38. Rh4 {[%clk 0:04:43]}  Kf6 {[%clk 0:03:01]} 39. Rh7 {[%clk 0:04:48]}  Kxg5 {[%clk 0:03:20]} 40. Rxb7 {[%clk 0:03:33]}  Nc4 {[%clk 0:03:47]} 41. Rg7+ {[%clk 0:03:17]}  Kf6 {[%clk 0:03:52]} 42. Rg2 {[%clk 0:24:56]}  Ne3 {[%clk 0:24:21]} 43. Rd2 {[%clk 0:24:32]}  Nf5 {[%clk 0:19:59]} 44. Kf2 {[%clk 0:22:47]}  Rc4 {[%clk 0:20:08]} 45. Ra2 {[%clk 0:23:00]}  Nd6 {[%clk 0:20:23]} 46. Ke3 {[%clk 0:22:55]}  Ne4 {[%clk 0:20:44]} 47. Ra3 {[%clk 0:20:58]}  Rc8 {[%clk 0:17:00]} 48. Kd4 {[%clk 0:16:11]}  Rc4+ {[%clk 0:12:48]} 49. Ke3 {[%clk 0:16:28]}  Rc7 {[%clk 0:11:59]} 50. Kd4 {[%clk 0:16:10]}  Kf5 {[%clk 0:08:51]} 51. Kd3 {[%clk 0:14:26]}  Rh7 {[%clk 0:08:53]} 52. Ra2 {[%clk 0:14:16]}  Ke5 {[%clk 0:09:02]} 53. Re2 {[%clk 0:13:53]}  Rh3+ {[%clk 0:09:09]} 54. Kc2 {[%clk 0:14:12]}  Kf5 {[%clk 0:08:07]} 55. c4 {[%clk 0:09:41]}  dxc4 {[%clk 0:05:04]} 56. Nd2 {[%clk 0:09:44]}  Nd6 {[%clk 0:04:10]} 57. Rf2+ {[%clk 0:08:07]}  Ke5 {[%clk 0:04:29]} 58. Nf3+ {[%clk 0:08:24]}  Kd5 {[%clk 0:04:45]} 59. Rd2+ {[%clk 0:08:49]}  Kc5 {[%clk 0:05:03]} 60. Ng5 {[%clk 0:09:16]}  Re3 {[%clk 0:04:49]} 61. h4 {[%clk 0:09:40]}  Nf5 {[%clk 0:04:40]} 62. h5 {[%clk 0:09:38]}  Kb4 {[%clk 0:03:54]} 63. Rh2 {[%clk 0:09:56]}  Nh6 {[%clk 0:03:11]} 64. Rh4 {[%clk 0:09:58]}  Re2+ {[%clk 0:02:06]} 65. Kd1 {[%clk 0:10:20]}  Re5 {[%clk 0:02:00]} 66. Nf3 {[%clk 0:10:25]}  Rd5+ {[%clk 0:02:02]} 67. Kc2 {[%clk 0:10:48]}  Nf5 {[%clk 0:01:47]} 68. Re4 {[%clk 0:10:52]}  Rd3 {[%clk 0:01:27]} 69. Nd2 {[%clk 0:08:26]}  Ne3+ {[%clk 0:01:07]} 70. Kc1 {[%clk 0:08:45]}  Rc3+ {[%clk 0:00:41]} 71. Kb1 {[%clk 0:09:14]}  Rd3 {[%clk 0:01:10]} 72. Kc1 {[%clk 0:09:42]}  Rc3+ {[%clk 0:00:55]} 73. Kb1 {[%clk 0:10:11]}  Rd3 {[%clk 0:01:25]} 1/2-1/2